Normal view MARC view
  • Poliï¸ a︡nin, A. D.

Entry Personal Name

Number of records used in: 1

001 - CONTROL NUMBER

  • control field: 39021

003 - CONTROL NUMBER IDENTIFIER

  • control field: OSt

005 - DATE AND TIME OF LATEST TRANSACTION

  • control field: 20160112111542.0

008 - FIXED-LENGTH DATA ELEMENTS

  • fixed length control field: 160112|| aca||aabn | a|a d

040 ## - CATALOGING SOURCE

  • Original cataloging agency: OSt

100 10 - HEADING--PERSONAL NAME

  • Personal name: Poliï¸ a︡nin, A. D.
  • Fuller form of name: (Andreĭ Dmitrievich)

400 10 - SEE FROM TRACING--PERSONAL NAME

  • Personal name: Poliï¸ a︡nin, Andreĭ Dmitrievich

400 10 - SEE FROM TRACING--PERSONAL NAME

  • Personal name: Polyanin, Andrei D.

400 10 - SEE FROM TRACING--PERSONAL NAME

  • Personal name: Polyanin, Andrey

400 10 - SEE FROM TRACING--PERSONAL NAME

  • Personal name: Poljanin, A. D.

400 1# - SEE FROM TRACING--PERSONAL NAME

  • Personal name: Polyanin, A. D.
  • Fuller form of name: (Andrei D.)